000 00604nam a2200181Ia 4500
008 090122s9999 xx 000 0 und d
082 _b11969
100 _aचिंधडे
_bशंतनु
245 _a"डॉक्टर, माझे डोळे"
260 _bदीलीपराज
_c2006
300 _a49
501 _aदीलीपराज प्रकाशन - 18.8.07
600 _aचिंधडे
630 _a"डॉक्टर, माझे डोळे"
700 _aचिंधडे
730 _a"डॉक्टर, माझे डोळे"
942 _cBOOK
999 _c36046
_d36046